Zwycięzcy Ligi Mistrzów - Statystyki

Ogólne statystyki
  • Ten quiz został rozwiązany 70 razy
  • Średni wynik to 49 z 68
Statystyki odpowiedzi
Klub Sezon % Poprawnych
Real Madryt 55/56
100%
Real Madryt 56/57
100%
Real Madryt 57/58
100%
Real Madryt 58/59
100%
Real Madryt 59/60
100%
Real Madryt 65/66
100%
Real Madryt 97/98
100%
Real Madryt 99/00
100%
Real Madryt 01/02
100%
Real Madryt 13/14
100%
Real Madryt 15/16
100%
Real Madryt 16/17
100%
Real Madryt 17/18
100%
Real Madryt 21/22
100%
FC Barcelona 91/92
93%
FC Barcelona 05/06
93%
FC Barcelona 08/09
93%
FC Barcelona 10/11
93%
FC Barcelona 14/15
93%
Bayern Monachium 73/74
88%
Bayern Monachium 74/75
88%
Bayern Monachium 75/76
88%
Bayern Monachium 00/01
88%
Bayern Monachium 12/13
88%
Bayern Monachium 19/20
88%
Manchester United 67/68
88%
Manchester United 98/99
88%
Manchester United 07/08
88%
A.C. Milan 68/69
86%
A.C. Milan 93/94
86%
A.C. Milan 02/03
86%
A.C. Milan 06/07
86%
Inter Mediolan 09/10
84%
Chelsea 11/12
82%
Chelsea 20/21
82%
Liverpool 76/77
82%
Liverpool 77/78
82%
Liverpool 80/81
82%
Liverpool 83/84
82%
Liverpool 04/05
82%
Liverpool 18/19
82%
Juventus 84/85
77%
Juventus 95/96
77%
Ajax 70/71
68%
Ajax 71/72
68%
Ajax 72/73
68%
Ajax 94/95
68%
Borussia 96/97
68%
FC Porto 86/87
64%
FC Porto 03/04
64%
A.C. Milan 62/63
48%
A.C. Milan 88/89
48%
A.C. Milan 89/90
48%
Crvena zvezda 90/91
41%
Manchaster City 22/23
38%
Steaua Bukareszt 85/86
38%
Nottingham Forest 78/79
36%
Nottingham Forest 79/80
36%
Aston Villa 81/82
34%
PSV 87/88
34%
Celtic F.C. 66/67
32%
Olympique Marsylia 92/93
25%
Hamburger SV 82/83
21%
Feyenord 69/70
14%
SL Benfica 60/61
14%
SL Benfica 61/62
14%
Inter Mediolan 63/64
4%
Inter Mediolan 64/65
4%
Nie znaleziono quizów pasujących do podanych kryteriów
Rozkład punktacji
Procent ludzi z każdym wynikiem
Percentyl według liczby udzielonych odpowiedzi
Twoja historia wyników
Nie rozwiązałeś tego quizu